| 000 | 00864na a2200289 4500 | ||
|---|---|---|---|
| 001 | 14412 | ||
| 003 | MIRAKIL | ||
| 005 | 20181213154850.0 | ||
| 008 | 161110b tu 000 0 | ||
| 020 | _a9751614317 | ||
| 035 | _a14412 | ||
| 040 |
_aMilas _btur _cTR-AnCHP |
||
| 041 | _atur | ||
| 082 |
_a323.11919920561 _bH24e 2001 |
||
| 090 | _a323.11919920561 H24e 2001 | ||
| 100 | _aHalaçoğlu, Yusuf | ||
| 245 |
_aErmeni tehciri ve gerçekler _b(1914- 1918) _cYusuf Halaçoğlu |
||
| 260 |
_aAnkara _bTürk Tarih Kurumu Basımevi _c2001 |
||
| 300 |
_ax, 106, XXXII s. _c24 sm. |
||
| 490 |
_aTürk Tarih Kurumu ayınları _vXVI. Dizi -sa.90 |
||
| 504 | _aKaynakça ve dizin var. | ||
| 650 | _aSoykırım iddiaları | ||
| 650 |
_aErmeniler _xTarih _zTürkiye |
||
| 650 | _aErmeni soykırımı | ||
| 650 |
_aErmeni sorunu _zTürkiye |
||
| 942 |
_2ddc _cBKS |
||
| 999 |
_c2236 _d2236 |
||